Normal view
MARC view
- Shorey, Rajeev
Entry Personal Name
001 - CONTROL NUMBER
- control field: 97519
003 - CONTROL NUMBER IDENTIFIER
- control field: NUST
005 - DATE AND TIME OF LATEST TRANSACTION
- control field: 20220816192246.0
008 - FIXED-LENGTH DATA ELEMENTS
- fixed length control field: 220816|| aca||aabn | a|a d
040 ## - CATALOGING SOURCE
- Original cataloging agency: NUST
- Transcribing agency: NUST
100 ## - HEADING--PERSONAL NAME
- Personal name: Shorey, Rajeev
670 ## - SOURCE DATA FOUND
- Source citation: Work cat.: (NUST)179745: Mobile, wireless, and sensor networks :, c2006.
